000 00334nam a2200133Ia 4500
005 20260326235441.0
008 260326s9999||||xx |||||||||||||| ||und||
100 _aMarton, Paolo
245 0 _aObra Arquitectónica completa :
_b Palladio /
_cPaolo Marton
260 _bTaschen
300 _a248 p.
650 _aARQUITECTOS
942 _cBK
999 _c7406
_d7406